[Event "Thessaloniki White Tower op-A 44th"]
[Site "Thessaloniki"]
[Date "2024.01.02"]
[Round "1"]
[White "Zamit, Kyriakos"]
[Black "Dorfanis, Ilarion"]
[Result "0-1"]
[WhiteElo "1738"]
[BlackElo "2138"]
[PlyCount "118"]
[EventDate "2024.01.02"]
[EventType "swiss"]
[EventRounds "9"]
[EventCountry "GRE"]
[SourceTitle "CBM 218 Extra"]
[Source "ChessBase"]
[SourceDate "2024.03.31"]
[SourceVersion "1"]
[SourceVersionDate "2024.03.31"]
[SourceQuality "1"]

1. e4 c5 2. Nf3 Nc6 3. Bb5 Nf6 4. e5 Nd5 5. c3 g6 6. 0-0 Bg7 7. d4 cxd4 8. cxd4 Nc7 9. Bd3 d6 10. Re1 0-0 11. h3 dxe5 12. dxe5 Ne6 13. Nc3 Nc5 14. Bb1 Qxd1 15. Nxd1 Rd8 16. Bf4 Be6 17. Nc3 Nb4 18. Bg3 Rac8 19. Ng5 Bc4 20. f4 Rd2 21. b3 Ba6 22. Nge4 Rdd8 23. Nxc5 Rxc5 24. Ne4 Rcc8 25. Bf2 b6 26. a3 Nd5 27. Ra2 Nxf4 28. Nd2 Rc3 29. b4 Nd3 30. Bxd3 Rdxd3 31. a4 Ra3 32. Rxa3 Rxa3 33. a5 bxa5 34. bxa5 Rxa5 35. Bxa7 Bxe5 36. Nf3 Ra1 37. Rxa1 Bxa1 38. Kf2 Kg7 39. Bc5 Kf6 40. Nd2 Ke6 41. Nf3 Bf6 42. Bb6 Bb7 43. Nd2 Bh4+ 44. g3 Bg5 45. Nb3 Kd5 46. Nd4 e5 47. Nf3 Be7 48. Be3 f6 49. g4 Ba6 50. Nd2 f5 51. gxf5 gxf5 52. Nb3 f4 53. Ba7 e4 54. Bb8 Bh4+ 55. Kg1 f3 56. Ba7 Kc4 57. Nd2+ Kd3 58. Nf1 Ke2 59. Bc5 Bc8 0-1

[Event "Rethymno op 5th"]
[Site "Rethymno"]
[Date "2013.07.28"]
[Round "1"]
[White "Zamit, Kyriakos"]
[Black "Tukhaev, Adam"]
[Result "0-1"]
[WhiteElo "1878"]
[BlackElo "2520"]
[PlyCount "50"]
[EventDate "2013.07.28"]
[EventType "swiss"]
[EventRounds "9"]
[EventCountry "GRE"]
[SourceTitle "CBM 155 Extra"]
[Source "ChessBase"]
[SourceDate "2013.08.26"]
[SourceVersion "1"]
[SourceVersionDate "2013.08.26"]
[SourceQuality "1"]

1. e4 g6 2. d4 Bg7 3. Nc3 d6 4. Be3 a6 5. Qd2 b5 6. f3 Nd7 7. Nge2 Bb7 8. g3 c5 9. Bg2 Ngf6 10. Bh6 Bxh6 11. Qxh6 cxd4 12. Nxd4 b4 13. Nce2 Rc8 14. c3 bxc3 15. Nxc3 Qb6 16. Qd2 0-0 17. Bh3 Rc4 18. Ne6 Ne5 19. Qh6 Nd3+ 20. Kd1 fxe6 21. Bxe6+ Rf7 22. Bxc4 Nxb2+ 23. Ke2 Nxc4 24. Rab1 Qa7 25. Rb4 Ng4 0-1

[Event "Anogia op 1st"]
[Site "Anogia"]
[Date "2012.07.31"]
[Round "3"]
[White "Zamit, Kyriakos"]
[Black "Frendzas, Panayotis"]
[Result "1/2-1/2"]
[WhiteElo "1871"]
[BlackElo "2374"]
[PlyCount "75"]
[EventDate "2012.07.30"]
[EventType "swiss"]
[EventRounds "7"]
[EventCountry "GRE"]
[SourceTitle "EXT 2013"]
[Source "ChessBase"]
[SourceDate "2012.11.22"]
[SourceVersion "1"]
[SourceVersionDate "2012.11.22"]
[SourceQuality "1"]

1. e4 c5 2. Nc3 Nc6 3. g3 g6 4. Bg2 Bg7 5. d3 d6 6. Be3 e5 7. Nge2 Nge7 8. Qd2 Nd4 9. 0-0-0 Bg4 10. Kb1 Qa5 11. h3 Bxe2 12. Nxe2 Qxd2 13. Rxd2 h5 14. c3 Nxe2 15. Rxe2 Bh6 16. f4 Nc6 17. Rf1 0-0 18. Bg1 f6 19. f5 Kg7 20. Bf3 Ne7 21. fxg6 h4 22. gxh4 Nxg6 23. Bh2 Nxh4 24. Bg4 Bg5 25. Bg3 Ng6 26. Rg1 Rh8 27. h4 Nxh4 28. Bxh4 Rxh4 29. Bf5 Rah8 30. Kc2 Kf7 31. Kb3 Ke7 32. a4 Rh2 33. Rgg2 Rxg2 34. Rxg2 Kd8 35. Kc4 Kc7 36. b4 b6 37. b5 Rh1 38. Kb3 1/2-1/2

[Event "Ambelokipi op 119th"]
[Site "Athens"]
[Date "2011.11.16"]
[Round "4.5"]
[White "Zamit, Kyriakos"]
[Black "Ilandzis, Spyridon"]
[Result "0-1"]
[WhiteElo "1868"]
[BlackElo "2124"]
[PlyCount "120"]
[EventDate "2011.11.05"]
[EventType "swiss"]
[EventRounds "7"]
[EventCountry "GRE"]
[SourceTitle "EXT 2024"]
[Source "ChessBase"]
[SourceDate "2023.10.10"]
[SourceVersion "1"]
[SourceVersionDate "2023.10.10"]
[SourceQuality "1"]

1. e4 c6 2. d4 d5 3. exd5 cxd5 4. Bd3 Nc6 5. c3 Qc7 6. Ne2 Bg4 7. f3 Bd7 8. Bf4 Qb6 9. Qb3 Qxb3 10. axb3 g6 11. b4 a5 12. b5 Nd8 13. Bc7 Ne6 14. Bb6 Nf6 15. Rxa5 Rxa5 16. Bxa5 Nh5 17. g3 Ng5 18. Kf2 e5 19. dxe5 Bc5+ 20. Nd4 Ne6 21. Ke3 0-0 22. Nd2 f6 23. Bb4 fxe5 24. Bxc5 Nxc5 25. N4b3 Nxd3 26. Kxd3 Bxb5+ 27. Ke3 Ng7 28. g4 Ne6 29. Ra1 Rf4 30. Ra8+ Kg7 31. Rb8 Ba6 32. Na5 d4+ 33. cxd4 Rxd4 34. Ne4 Rd3+ 35. Kf2 Nd4 36. Nc5 Rd2+ 37. Kg3 Ne2+ 38. Kf2 Nf4+ 39. Ke1 Rxb2 40. Nxa6 Nd3+ 41. Kd1 bxa6 42. Rxb2 Nxb2+ 43. Kc2 Na4 44. Nc6 Kf6 45. h4 Nc5 46. Kc3 Ne6 47. Kd3 Nf4+ 48. Ke4 Ng2 49. h5 gxh5 50. gxh5 Nf4 51. Nxe5 Nxh5 52. Nc4 Ng7 53. Kf4 h5 54. Kg3 Nf5+ 55. Kf4 h4 56. Kg4 Ke6 57. f4 Kd5 58. Nd2 a5 59. Kxf5 h3 60. Ne4 h2 0-1

[Event "Nikaia op 19th"]
[Site "Nikaia"]
[Date "2011.08.27"]
[Round "2"]
[White "Zamit, Kyriakos"]
[Black "Skalkotas, Nikolaos"]
[Result "0-1"]
[WhiteElo "1909"]
[BlackElo "2194"]
[PlyCount "82"]
[EventDate "2011.08.26"]
[EventType "swiss"]
[EventRounds "9"]
[EventCountry "GRE"]
[SourceTitle "CBM 144 Extra"]
[Source "ChessBase"]
[SourceDate "2011.10.28"]
[SourceVersion "1"]
[SourceVersionDate "2011.10.28"]
[SourceQuality "1"]

1. e4 c5 2. Nc3 Nc6 3. f4 a6 4. a4 e6 5. Bc4 Nf6 6. e5 d5 7. exd6 Bxd6 8. d3 Qc7 9. Nge2 0-0 10. 0-0 b6 11. Ng3 g6 12. Nce4 Be7 13. Nxf6+ Bxf6 14. Ne4 Bg7 15. g4 Bd7 16. Rf3 Nd4 17. Rh3 b5 18. Ba2 bxa4 19. c3 Nb5 20. Qe1 h6 21. Qh4 f5 22. gxf5 gxf5 23. Ng3 Qd8 24. Qh5 Qf6 25. Qf3 Kh7 26. Nh5 Qf7 27. Be3 Bh8 28. Bxc5 Rg8+ 29. Kf2 a3 30. bxa3 Nxc3 31. Bc4 Na4 32. Rg1 Nxc5 33. Rxg8 Rxg8 34. Ng3 Bd4+ 35. Kf1 Bb5 36. Rh5 Bxc4 37. dxc4 Rb8 38. Qd1 Bb2 39. Qd6 Rb7 40. Kg2 Ne4 41. Nxe4 Qxh5 0-1

[Event "Nikaia Fysiolatriko op 09th"]
[Site "Nikaia"]
[Date "2011.06.16"]
[Round "1"]
[White "Zamit, Kyriakos"]
[Black "Managadze, Nikoloz"]
[Result "0-1"]
[WhiteElo "1921"]
[BlackElo "2463"]
[PlyCount "104"]
[EventDate "2011.06.16"]
[EventType "swiss"]
[EventRounds "9"]
[EventCountry "GRE"]
[SourceTitle "CBM 143 Extra"]
[Source "ChessBase"]
[SourceDate "2011.08.29"]
[SourceVersion "1"]
[SourceVersionDate "2011.08.29"]
[SourceQuality "1"]

1. e4 c5 2. Nc3 e6 3. f4 a6 4. g3 d5 5. Bg2 dxe4 6. Nxe4 Nc6 7. Nf3 Nf6 8. Nf2 Bd6 9. b3 e5 10. fxe5 Nxe5 11. 0-0 0-0 12. Bb2 Neg4 13. Nd3 Qc7 14. h3 Bxg3 15. hxg4 Nxg4 16. Qe2 f6 17. Nde1 Bd7 18. Qc4+ Kh8 19. Nd3 Rac8 20. Qc3 Bc6 21. Qxc5 Qf7 22. Qf5 Bd7 23. Ng5 Qh5 24. Qxh7+ Qxh7 25. Nxh7 Kxh7 26. Bxb7 Rxc2 27. Bc3 Nh2 28. Nb4 Rxc3 29. dxc3 Nxf1 30. Kxf1 a5 31. Nd3 f5 32. Nf2 Be5 33. Rd1 Be8 34. c4 g5 35. Rd5 Bb8 36. Rxa5 g4 37. Kg2 Kg6 38. Rd5 Rh8 39. Rd2 Rh2+ 40. Kf1 Ba7 41. Rd6+ Kg5 42. Nd3 Rxa2 43. Ra6 Rxa6 44. Bxa6 Bc6 45. b4 f4 46. c5 Be4 47. Nf2 Bd5 48. Bd3 f3 49. Nd1 Kf4 50. Nc3 Be6 51. Be4 g3 52. c6 g2+ 0-1